| 000 | 00641nam a2200205 i 4500 | ||
|---|---|---|---|
| 001 | 72841 | ||
| 003 | ES-MaACL | ||
| 005 | 20250812024127.0 | ||
| 007 | t| | ||
| 008 | 040903s1951 sp af |||| | spa d | ||
| 100 | 1 |
_aGombrich, E. H. _957735 |
|
| 245 | 1 | 0 |
_aHistoria del arte / _cpor E.H. Gombrich ; [traducción de Rafael Santos Torroellas]. |
| 250 | _a1ª ed. | ||
| 260 |
_aBarcelona : _bArgos, _c1951 ( _fAgustín Núñez) |
||
| 300 |
_aVIII, 482 p., 19 lám. : _bil. ; _c26 cm. |
||
| 650 | 0 | 4 |
_aArte- _vHistoria _910107 |
| 700 | 1 |
_aSantos Torroella, Rafael. _9103536 |
|
| 852 |
_aES-MaACL _jD-7092 |
||
| 999 |
_c72841 _d72841 |
||